MUSEO, MEMORIA Y NACION : MISION DE LOS MUSEOS NACIONALES PARA LOS CIUDADANOS DEL FUTURO : MEMORIAS /

Uloženo v:
Podrobná bibliografie
Korporativní autor: Simposio Internacional y IV Cátedra Anual de Historia Ernesto Restrepo Tirado ( Colombia)
Médium: Konferenční příspěvek Kniha
Témata:
Tagy: Přidat tag
Žádné tagy, Buďte první, kdo vytvoří štítek k tomuto záznamu!

MARC

LEADER 00000nam^a2200000^a^4500
001 000248466
005 20250521000000.0
009 20260310105649.773
020 |a 958-8052-45-9 
035 |a 072008 
037 |a Acervo Xavier Clavigero 
082 |a 708. 861  |b SIM 
111 1 |a Simposio Internacional y IV Cátedra Anual de Historia Ernesto Restrepo Tirado (  |n 1O :  |d 1999 :  |c Colombia) 
245 1 0 |a MUSEO, MEMORIA Y NACION :  |b MISION DE LOS MUSEOS NACIONALES PARA LOS CIUDADANOS DEL FUTURO : MEMORIAS /  |c COMPS. GONZALO SANCHEZ GOMEZ Y MARIA EMMA WILLS OBREGON 
264 |a COLOMBIA :  |b MINISTERIO DE CULTURA ...[ET AL.],  |c 2000 
300 |a 483 p. :  |b il. 
336 |a texto  |b txt  |2 rdacontenido 
337 |a sin mediación  |b n  |2 rdamedio 
338 |a volumen  |b nc  |2 rdasoporte 
649 |a XX 
650 |a Museos y Galerías -  |z Colombia 
650 |a Colombia -  |x Condiciones Sociales y Culturales 
650 |a Colombia -  |x Historia 
910 |a Fondo General 
920 |a Impresos - Libros 
930 |a Colección General 
905 |a 101 
901 |a 072008  |b IT1  |c ACC  |i 072008  |u 20250521 
902 |a https://opac.biblio.iteso.mx/vufind/Record/000248466